000
00312nam a22001217a 4500
082
_a
621.38416 WIT'S
100
_a
WITTS, ALFRED T
_9
79938
245
_a
THE SUPERHETRODYNE RECEIVER ITS DEVELOPMENT THEORY AND MODERN PRACTICE
250
_a
6TH
260
_a
LONDON
_b
PITMAN
_c
1944
300
_a
210P
942
_c
BK
999
_c
584916
_d
584916